Регионална библиотека "Любен Каравелов" - Русе

Grammatik der altbulgarischen (altkirchenslavischen) Sprache (Запис номер 407609)

MARC детайли
000 -Лидер
Контролно поле с фиксирана дължина nam a22 a 4500
003 - Код на организацията, давaща контролен номер
Контролно поле BLK
005 - Дата и час на последна редакция
Контролно поле 20210412144136.0
008 - Елементи от данни с фиксирана дължина
fixed length control field 180911b bul|||||r ||||||| ||bul||
010 ## - Наследен системен номер
LC control number 003348
040 ## - Източник на каталожния запис
Идентификатор на билиотеката - собственик на записа BLK
041 ## - Код за език
Код за езика на текст/звукозапис или на отделно заглавие Немски
Код за езика КДБФ Немски
080 ## - УДК
Текстов определител УДК Старобългарски език (ІХ-ХІ в. ). Църковнославянски език (богослужебен ез. на източноправославната църква - руска редакция на старобълг. ез.
УДК код - определител по УДК 811.163.1
УДК определител '36
УДК - код + определител 811.163.1'36
100 ## - Редна дума - Автор
Автор Leskien, August
Авторска отговорност първи автор
R(LIN) 447765
139 ## - Редно поле
Редна дума Leskien, August
245 00 - Сведения за заглавието
Заглавие Grammatik der altbulgarischen (altkirchenslavischen) Sprache
Редно поле (дума) August Leskien
250 ## - Област на изданието
Сведения за изданието 3. Aufl
260 ## - Област на издателските данни
Място на издаване, разпространение и проч. Heidelberg
Име на издателя, разпространителя и проч. Winter
Година на издаване 1909
9 (RLIN) 447768
300 ## - Физическа характеристика
Страници LII, 260 с
Размери/Мащаб 20 см
380 ## - Жанр
Жанр Езикознание. Филология
490 ## - СЕРИИ (Колекции)
Име на серия Sammlung Slavischer Lehr- und Handbucher
9 (RLIN) 447772
520 ## - Забележка за наличие на резюме, анотация и т.н
Анотация, рецензия, сканиран текст
520 ## - Забележка за наличие на резюме, анотация и т.н
Анотация, рецензия, сканиран текст .
650 #0 - Допълнително описание по предмет – тема
Основно описание – тема или топоним Старобългарски език - граматика
9 (RLIN) 259074
653 #7 - Ключова дума – ненормативна
9 (RLIN) 197318
Ключова дума старобългарски език
653 #7 - Ключова дума – ненормативна
9 (RLIN) 200531
Ключова дума църковнославянски език
852 ## - Местоположение
Форматна сигнатура Цб 4.200.48856
Фондова буква Основен фонд - ползва се само за читалня
999 ## - СИСТЕМНИ КОНТРОЛНИ НОМЕРА
Koha biblionumber 407609
Koha biblioitemnumber 407609
942 ## - АРТИКУЛИ
Вид на библиотечния материал Книги
Скрит в OPAC Не
Периодичен библиозапис Да
944 ## - СЪЗДАВАНЕ И РЕДАКЦИЯ на ЗАПИСА
Служител, извършил регистрацията/редакцията ТД
999 ## - СИСТЕМНИ КОНТРОЛНИ НОМЕРА
Koha biblioitemnumber 407609
Наличности
Код за отписване Код за изгубен артикул Източник на класификационната схема Код за повреда Коз за рестрикции Код за отдаване Артикулен № Име на библиотеката - собственик Име на библиотеката, в която се намира в момента Статус (Текущо местоположение) Дата на вписване в системата Местоположение - отдел Цена в лева Инвентарен номер Систематично азбучна сигнатура Баркод Цена в евро Служебен тип на артикула
  Не е изгубен Universal Decimal Classification Не е повреден само за читалня ползва се в читалня 823146 Регионална библиотека "Любен Каравелов" Русе Регионална библиотека "Любен Каравелов" Русе Хранилище 2021-04-14 Основен фонд - ползва се само за читалня 0.52 13359/58 Цб 4.200.48856 900000054003 0.27 Книги
Vip Innovations Ltd, Rousse, Bulgaria 2025